| 000 | 00664nam a2200217Ia 4500 | ||
|---|---|---|---|
| 001 | 22180 | ||
| 003 | AR-BaAGN | ||
| 005 | 20231204155114.0 | ||
| 007 | ta | ||
| 008 | 211213nuuuuuuuuag |||||||||||||| ||spa d | ||
| 040 |
_dAR-BaAGN _aAR-BaAGN _bspa _eaacr |
||
| 100 |
_aIriarte, Tomás de, _d1794-1876 _96656 |
||
| 245 | 1 | 0 |
_aLuchas de unitarios, federales, mazorqueros en el Río de la Plata / _cTomás de Iriarte |
| 260 |
_aBuenos Aires : _bSociedad Impresora Americana, _c[fecha de publicación no identificada] |
||
| 300 | _a450 páginas | ||
| 336 |
_2rdacontent _btxt |
||
| 337 |
_2rdamedia _bn |
||
| 338 |
_2rdacarrier _bnc |
||
| 942 | _cLIBRO | ||
| 999 |
_c22180 _d22180 |
||